000 00743nam a2200241Ia 4500
005 20260121112808.0
008 8862 260114s9999 xx 000 0 eng d
020 _a9789812776730
037 _aEBOOK
040 _aCRL
_beng
_cCRL
041 _aeng
_2eng
084 _qCRL
100 _aBing Benny & Lorenz Pascal
_9963347
245 0 _aNetworks, the Proceedings of the Joint International Conference on Wireless Lans and Home Networks Icwlhn 2002 and Networking Icn 2002
260 _bWorld Scientific
260 _bWSPC
260 _c2002
650 _aComputer Science
_9963348
856 _uhttps://www.worldscientific.com/worldscibooks/10.1142/5073#t=toc
942 _cEBOOK
999 _c1546162
_d1546162